La libertad de ejercicio de la profesión y el problema de las atribuciones de los técnicos titulados / (Record no. 112456)

MARC details
000 -LEADER
campo de control de longitud fija 00916nam a2200229 4500
001 - NÚMERO DE CONTROL
campo de control 112456
003 - IDENTIFICADOR DE NÚMERO DE CONTROL
campo de control ES-MaACL
005 - FECHA Y HORA DE LA ÚLTIMA TRANSACCIÓN
campo de control 20230906185532.0
007 - CAMPO FIJO DE DESCRIPCIÓN FÍSICA--INFORMACIÓN GENERAL
campo de control de longitud fija t|
008 - DATOS DE LONGITUD FIJA--INFORMACIÓN GENERAL
campo de control de longitud fija 061121s1983 sp r ||||1| spa d
020 ## - NÚMERO INTERNACIONAL ESTÁNDAR DEL LIBRO
Número Internacional Estándar del Libro 84-7088-347-X
100 1# - ENTRADA PRINCIPAL--NOMBRE DE PERSONA
Nombre de persona Muñoz Machado, Santiago.
9 (RLIN) 84450
245 13 - MENCIÓN DEL TÍTULO
Título La libertad de ejercicio de la profesión y el problema de las atribuciones de los técnicos titulados /
Mención de responsabilidad, etc. Santiago Muñoz Machado, Luciano Parejo Alfonso, Eloy Ruiloba Santana.
260 ## - PUBLICACIÓN, DISTRIBUCIÓN, ETC.
Lugar de publicación, distribución, etc. Madrid :
Nombre del editor, distribuidor, etc. Instituto de Estudios de Administración Local,
Fecha de publicación, distribución, etc. 1983.
300 ## - DESCRIPCIÓN FÍSICA
Extensión 479 p. ;
Dimensiones 21 cm.
650 #4 - PUNTO DE ACCESO ADICIONAL DE MATERIA--TÉRMINO DE MATERIA
Término de materia o nombre geográfico como elemento de entrada Ingenieros-
Subdivisión general Estatuto jurídico-
Subdivisión geográfica España.
9 (RLIN) 172553
650 #4 - PUNTO DE ACCESO ADICIONAL DE MATERIA--TÉRMINO DE MATERIA
Término de materia o nombre geográfico como elemento de entrada Arquitectos-
Subdivisión general Estatuto jurídico-
Subdivisión geográfica España.
9 (RLIN) 172554
700 1# - ENTRADA AGREGADA--NOMBRE PERSONAL
Nombre de persona Parejo Alfonso, Luciano.
9 (RLIN) 89071
700 1# - ENTRADA AGREGADA--NOMBRE PERSONAL
Nombre de persona Ruiloba Santana, Eloy.
9 (RLIN) 100579
710 2# - ENTRADA AGREGADA--NOMBRE DE ENTIDAD CORPORATIVA
Nombre de entidad corporativa o nombre de jurisdicción como elemento de entrada Insituto de Estudios de Administración Local.
9 (RLIN) 4703
852 ## - LOCALIZACIÓN
Ubicación ES-MaACL
Número de control de estantería L-5679
Holdings
Estatus retirado Estado de pérdida Estado de daño No para préstamo Biblioteca de origen Biblioteca actual Ubicación en estantería Fecha de adquisición Fuente de adquisición Total de préstamos Signatura topográfica completa Código de barras Visto por última vez Precio de reemplazo Tipo de ítem Koha
        Biblioteca del Ateneo de Madrid Biblioteca del Ateneo de Madrid Depósito 2 17/01/2008     L-5679 1117308 23/02/2023 23/02/2023 Libro impreso